000 00336nam a2200121Ia 4500
005 20251222144651.0
008 251222s9999||||xx |||||||||||||| ||spa||
082 _a305.8/L95
100 _aLuciano Huapaya, José Carlos
245 0 _aLos Afroperuanos, Trayectoria y Destino del Pueblo Negro en el PerĂș
264 _bCEDET
942 _cLIB
999 _c17048
_d17048